| 000 | 00695nam a2200169 i 4500 | ||
|---|---|---|---|
| 001 | 43734 | ||
| 003 | ES-MaACL | ||
| 005 | 20250901090458.0 | ||
| 007 | t| | ||
| 008 | 030318s1924 sp a |||| | spa d | ||
| 245 | 0 | 0 |
_aExposición general de la T.S.H. del cinema y de la electricidad en sus aplicaciones prácticas e industriales _b: Palacio de Hielo 6-26 de diciembre de 1924 : catálogo / _corganizada por el Banco Hispano-Suizo para industrias eléctricas bajo el patronato de S.M. El Rey. |
| 260 |
_a[Madrid : _bs.n.], _c1924 ( _fTorrent y Cía.) |
||
| 300 |
_a164 p. : _bil. ; _c20 cm. |
||
| 650 | 7 |
_aRadioteléfono _2embne _9136802 |
|
| 852 |
_aES-MaACL _jF-4674 |
||
| 999 |
_c43734 _d43734 |
||